000
00236nam a2200097Ia 4500
008
230508s1999 xx 000 0 und d
041
_a
eng
100
_a
RICHARD L LITTLE
245
_a
WELDING AND WELDING TECH.
260
_b
TATA MCG
_c
1999
999
_c
740533
_d
740533